000 00429nam a2200181Ia 4500
001 10372
005 20260306161827.0
008 260306t2009||||xx |||||||||||||| ||spa||
041 _aESP
082 _a922.2
_bL22
100 _aLangford, Joseph
_eAUT
245 0 _aEl fuego secreto de la Madre Teresa
260 _c2009
300 _a360 páginas :
_c23 cm.
650 _aGEN
654 _aCHU
942 _cLIB
_dJUS
_fJUS
_2ddc
_n
999 _c10372
_d10372